Sandman. Krajina snů /

Hlavní autor: Gaiman, Neil, 1960-
Další autoři: Jones, Kelley, Jones, Malcolm, III, 1970-1996, Vess, Charles, 1951-, Doran, Colleen, 1963-, Janiš, Viktor, 1974-
Jazyk: Čeština
Vydáno: Praha : Crew s.r.o., 2018
Vydání: První barevné vydání
Edice: Světové komiksy česky
Témata:
Fyzický popis: 117 nečíslovaných stran, 39 stran : ilustrace (převážně barevné) ; 26 cm
Knihy
Uloženo v:
LEADER 02115nam a2200529 i 4500
001 nkc20183027322
003 CZ PrNK
005 20181015085805.0
007 ta
008 180917s2018 xr a g 6 000 1 cze
015 |a cnb003027322 
020 |a 978-80-7449-581-6  |q (brožováno) :  |c Kč 439,00 
035 |a (OCoLC)1056248997 
040 |a ABA001  |b cze  |e rda 
041 1 |a cze  |h eng 
072 7 |a 821-1/-8  |x Literatura různých forem a žánrů  |2 Konspekt  |9 25 
080 |a 821-312.5  |2 MRF 
080 |a (084.1)  |2 MRF 
100 1 |a Gaiman, Neil,  |d 1960-  |7 jn20000807024  |4 aut 
240 1 0 |a Dream country.  |l Česky 
245 1 0 |a Sandman.  |p Krajina snů /  |c napsal Neil Gaiman ; kresba Kelley Jones & Malcolm Jones III (Kalliopé, Sen tisíce koček), Charles Vess (Sen noci svatojánské), Colleen Doranová & Malcolm Jones III (Fasáda) ; překlad: Viktor Janiš 
246 3 0 |a Krajina snů 
250 |a První barevné vydání 
264 1 |a Praha :  |b Crew s.r.o.,  |c 2018 
300 |a 117 nečíslovaných stran, 39 stran :  |b ilustrace (převážně barevné) ;  |c 26 cm 
336 |a text  |b txt  |2 rdacontent 
336 |a statický obraz  |b sti  |2 rdacontent 
337 |a bez média  |b n  |2 rdamedia 
338 |a svazek  |b nc  |2 rdacarrier 
490 1 |a Světové komiksy česky 
500 |a Přeloženo z angličtiny 
500 |a Na obálce označení části: kniha 3 
500 |a Na obálce uveden původní nakladatel: Vertigo 
505 0 |a Kalliopé -- Sen tisíce koček -- Sen noci svatojánské -- Fasáda 
655 7 |a komiksy  |7 fd131978  |2 czenas 
655 9 |a comics  |2 eczenas 
700 1 |a Jones, Kelley  |7 xx0031090  |4 ill 
700 1 |a Jones, Malcolm,  |c III,  |d 1970-1996  |7 xx0031087  |4 ill 
700 1 |a Vess, Charles,  |d 1951-  |7 xx0031089  |4 ill 
700 1 |a Doran, Colleen,  |d 1963-  |7 xx0031091  |4 ill 
700 1 |a Janiš, Viktor,  |d 1974-  |7 jn20010309502  |4 trl 
830 0 |a Světové komiksy česky  |0 s 
910 2 |a BOA001  |b 3-1413.927 
990 |a BK 
995 |a 01 
991 |b 201809  |c NOV 
996 6 |b 2610754054  |c 3-1413.927  |l MZK  |r Sklad / do 1 hodiny  |n 2  |p p.v.  |w 001685688  |u 000010  |a 1  |e BOA001  |j MZK50  |s P